000
00317nam a22001457a 4500
008
230612b ||||| |||| 00| 0 eng d
020
_a
9780716730514
041
_a
eng
080
_2
FIFTH EDITION
_a
575
082
_a
575BER
100
_a
13
101
_a
BK
245
_a
BIOCHEMISTRY
_c
BERG.M.J
942
_2
udc
_c
BK
999
_c
59940
_d
59940